Quizzes
Events
Quiz Creation
Community
Videos
Private Events
Remove Ads
Sign In
Join for FREE
Feedback
Dark Mode
Quiz Categories
Sports
Geography
Music
Movies
Television
Just For Fun
Miscellaneous
History
Literature
Language
Science
Gaming
Entertainment
Religion
Holiday
For Kids
Quiz Lab
Recent
Popular Today
Quiz Kudos Today
Editor Picks
Curator Picks
Quizzes by...
Day
Popularity
Type
Ratings
Length
Year
Community
Subscriptions
Recent Discussions
Orange Saloon
Badges
Playlists
Quests
Create
Leaderboards
Showdown
Live 5
Trivia Bingo
Activity
Puzzle Library
Sporcle Events
Private Events
Virtual Trivia
Globe League
Become a Host
Pub Owners
SporcleCon
Opinionation
Our Games
Videos
Blog
Mobile Apps
Partnerships
Remove Ads and Go Orange
Feedback
Just For Fun
Clickable
Get the Picture
Humor
Quick Pick
Word Ladder
Missing Word
Mixed Word
Blitz
Minefield
This or That
Alphabet
Color
Typing
Sporcle
Puzzle
Word Play
Follow That Line
Logic
Just For Fun
Clickable
Get the Picture
Humor
Quick Pick
Word Ladder
Missing Word
Mixed Word
Blitz
Minefield
This or That
Alphabet
Color
Typing
Sporcle
Puzzle
Word Play
Follow That Line
Logic
Random Quiz
Search Sporcle
×
Quiz Lab
Quiz Lab
Just For Fun
MLB
Type in answers that appear in a list
Type in answers that appear in a list
Classic
Best Score? Go Orange.
MLB Showdown 2000 (Pitchers) Stats
Can you name the pitcher player cards in the original MLB Showdown 2000 Base Set?
By
RedManSelect
15m
167 Questions
132 Plays
132 Plays
132 Plays
Comments
Comments
Give Quiz Kudos
Give Quiz Kudos
-
- Ratings
hide this ad
Replay
Link that replays current quiz
Next Quiz
Link to next quiz in quiz playlist
You Got
0%
They Got
Avg Score
21%
Avg Friend Score
Upgrade to see
Score Distribution
Jump to the score distribution portion of the page
Score
0/167
Timer
15:00
0
Plays Today
Team
Player
% Correct
Arizona Diamondbacks
Randy Johnson
90.2%
Atlanta Braves
Greg Maddux
86.4%
Philadelphia Phillies
Curt Schilling
82.6%
Atlanta Braves
Tom Glavine
81.8%
Atlanta Braves
John Smoltz
80.3%
Boston Red Sox
Pedro Martinez
78.8%
New York Yankees
Roger Clemens
70.5%
New York Yankees
Mariano Rivera
58.3%
New York Yankees
David Cone
56.8%
New York Yankees
Orlando Hernandez
53.8%
Tampa Bay Devil Rays
Roberto Hernandez
53.8%
Houston Astros
Mike Hampton
53%
Los Angeles Dodgers
Kevin Brown
51.5%
Baltimore Orioles
Mike Mussina
50%
Anaheim Angels
Chuck Finley
48.5%
Detroit Tigers
Todd Jones
48.5%
New York Yankees
Andy Pettitte
48.5%
Oakland Athletics
Doug Jones
48.5%
Minnesota Twins
Bob Wells
47.7%
Toronto Blue Jays
David Wells
47.7%
San Diego Padres
Trevor Hoffman
46.2%
Atlanta Braves
Kevin Millwood
45.5%
Minnesota Twins
Brad Radke
42.4%
Pittsburgh Pirates
Mike Williams
40.9%
San Diego Padres
Woody Williams
40.9%
Seattle Mariners
Jamie Moyer
40.9%
Houston Astros
Billy Wagner
40.2%
Boston Red Sox
Rod Beck
38.6%
Boston Red Sox
Tim Wakefield
37.9%
Cleveland Indians
Bartolo Colon
36.4%
New York Mets
Al Leiter
35.6%
Boston Red Sox
Derek Lowe
34.8%
Anaheim Angels
Troy Percival
34.1%
San Francisco Giants
Robb Nen
32.6%
New York Mets
Kenny Rogers
29.5%
Atlanta Braves
John Rocker
28.8%
Cleveland Indians
Charles Nagy
28.8%
Colorado Rockies
Darryl Kile
28.8%
New York Mets
Armando Benitez
27.3%
Pittsburgh Pirates
Jason Schmidt
27.3%
Cincinnati Reds
Scott Williamson
26.5%
Houston Astros
Jose Lima
25.8%
Cleveland Indians
Mike Jackson
25%
Milwaukee Brewers
Hideo Nomo
25%
Montreal Expos
Javier Vazquez
24.2%
San Francisco Giants
Russ Ortiz
23.5%
Montreal Expos
Ugueth Urbina
22.7%
Minnesota Twins
Eric Milton
22%
Seattle Mariners
Freddy Garcia
22%
Chicago Cubs
Jon Lieber
21.2%
Seattle Mariners
John Halama
21.2%
Texas Rangers
John Wetteland
21.2%
Tampa Bay Devil Rays
Rick White
20.5%
Toronto Blue Jays
Pat Hentgen
20.5%
Kansas City Royals
Jeff Suppan
19.7%
New York Mets
Dennis Cook
19.7%
Team
Player
% Correct
Seattle Mariners
Jose Mesa
19.7%
Texas Rangers
Aaron Sele
19.7%
Arizona Diamondbacks
Andy Benes
18.9%
Detroit Tigers
Jeff Weaver
18.9%
New York Mets
Orel Hershiser
18.9%
New York Yankees
Ramiro Mendoza
18.9%
New York Yankees
Mike Stanton
18.9%
Cincinnati Reds
Danny Graves
18.2%
Florida Marlins
Antonio Alfonseca
18.2%
Chicago Cubs
Steve Trachsel
17.4%
Florida Marlins
Ryan Dempster
17.4%
Oakland Athletics
Kevin Appier
17.4%
Texas Rangers
Jeff Zimmerman
17.4%
Los Angeles Dodgers
Chan Ho Park
16.7%
Los Angeles Dodgers
Jeff Shaw
16.7%
Baltimore Orioles
Mike Timlin
15.9%
Houston Astros
Scott Elarton
15.2%
Houston Astros
Shane Reynolds
15.2%
San Francisco Giants
Shawn Estes
15.2%
San Francisco Giants
John Johnstone
15.2%
San Francisco Giants
Kirk Rueter
15.2%
Texas Rangers
Rick Helling
15.2%
Atlanta Braves
Mike Remlinger
14.4%
Boston Red Sox
Pat Rapp
14.4%
Chicago White Sox
Mike Sirotka
14.4%
Cincinnati Reds
Brett Tomko
14.4%
Milwaukee Brewers
Bob Wickman
14.4%
San Diego Padres
Andy Ashby
14.4%
Arizona Diamondbacks
Omar Daal
13.6%
Baltimore Orioles
Scott Erickson
13.6%
Baltimore Orioles
Sidney Ponson
13.6%
Chicago White Sox
James Baldwin
13.6%
Colorado Rockies
Pedro Astacio
13.6%
Pittsburgh Pirates
Kris Benson
13.6%
Arizona Diamondbacks
Matt Mantei
12.9%
Chicago Cubs
Rick Aguilera
12.9%
Chicago White Sox
Bob Howry
12.9%
Cleveland Indians
Paul Shuey
12.9%
Colorado Rockies
Brian Bohanon
12.9%
Minnesota Twins
Joe Mays
12.9%
St. Louis Cardinals
Darren Oliver
12.9%
Toronto Blue Jays
Billy Koch
12.9%
Cincinnati Reds
Pete Harnisch
12.1%
St. Louis Cardinals
Jose Jimenez
12.1%
Cleveland Indians
Dave Burba
11.4%
Kansas City Royals
Jeff Montgomery
11.4%
Kansas City Royals
Jose Rosado
11.4%
Milwaukee Brewers
Mike Myers
11.4%
Philadelphia Phillies
Steve Montgomery
11.4%
Pittsburgh Pirates
Todd Ritchie
11.4%
Tampa Bay Devil Rays
Rolando Arrojo
11.4%
Arizona Diamondbacks
Dan Plesac
10.6%
Colorado Rockies
Dave Veres
10.6%
Philadelphia Phillies
Paul Byrd
10.6%
San Diego Padres
Sterling Hitchcock
10.6%
Arizona Diamondbacks
Greg Swindell
9.8%
Team
Player
% Correct
Chicago Cubs
Kyle Farnsworth
9.8%
Chicago White Sox
Jim Parque
9.8%
Cincinnati Reds
Ron Villone
9.8%
Florida Marlins
Dennis Springer
9.8%
Montreal Expos
Steve Kline
9.8%
Oakland Athletics
Gil Heredia
9.8%
Anaheim Angels
Steve Sparks
9.1%
Colorado Rockies
Jerry Dipoto
9.1%
Detroit Tigers
Brian Moehler
9.1%
Minnesota Twins
Mike Trombley
9.1%
Montreal Expos
Mike Thurman
9.1%
New York Mets
Turk Wendell
9.1%
San Francisco Giants
Alan Embree
9.1%
Tampa Bay Devil Rays
Wilson Alvarez
9.1%
Toronto Blue Jays
Kelvim Escobar
9.1%
Detroit Tigers
Dave Mlicki
8.3%
Detroit Tigers
C.J. Nitkowski
8.3%
St. Louis Cardinals
Ricky Bottalico
8.3%
Toronto Blue Jays
Graeme Lloyd
8.3%
Boston Red Sox
Rheal Cormier
7.6%
Chicago Cubs
Scott Sanders
7.6%
Chicago White Sox
Bill Simas
7.6%
Los Angeles Dodgers
Ismael Valdes
7.6%
Milwaukee Brewers
Scott Karl
7.6%
Philadelphia Phillies
Chad Ogea
7.6%
St. Louis Cardinals
Kent Bottenfield
7.6%
Texas Rangers
Tim Crabtree
7.6%
Boston Red Sox
Mark Portugal
6.8%
Los Angeles Dodgers
Pedro Borbon
6.8%
Montreal Expos
Dustin Hermanson
6.8%
New York Mets
Masato Yoshii
6.8%
Oakland Athletics
Buddy Groom
6.8%
Seattle Mariners
Jose Paniagua
6.8%
Tampa Bay Devil Rays
Bobby Witt
6.8%
Baltimore Orioles
Jesse Orosco
6.1%
Colorado Rockies
Curtis Leskanic
6.1%
Kansas City Royals
Scott Service
6.1%
San Diego Padres
Matt Whisenant
6.1%
St. Louis Cardinals
Lance Painter
6.1%
Texas Rangers
Mike Venafro
6.1%
Anaheim Angels
Mark Petkovsek
5.3%
Cincinnati Reds
Scott Sullivan
5.3%
Florida Marlins
Braden Looper
5.3%
Florida Marlins
Brian Meadows
5.3%
Houston Astros
Jay Powell
5.3%
Milwaukee Brewers
Steve Woodard
5.3%
Philadelphia Phillies
Wayne Gomes
5.3%
Pittsburgh Pirates
Brad Clontz
5.3%
St. Louis Cardinals
Manny Aybar
5.3%
Texas Rangers
Mike Morgan
5.3%
Kansas City Royals
Jay Witasick
4.5%
Oakland Athletics
Omar Olivares
4.5%
Pittsburgh Pirates
Scott Sauerbeck
4.5%
Florida Marlins
Brian Edmondson
3.8%
Texas Rangers
Tom Goodwin
0.8%
Quiz Playlist
Details
Report
Send in Message
Add To Playlist
Classic:
Type in answers that appear in a list
Last Updated: Feb 16, 2017
Quiz Scoreboard
CHALLENGE
Sign Up to Join the Scoreboard
Show All
Scores
Hide
Comments
May contain spoilers
Recently Published
Movies - When Are They Set?
by FPL_Elf
Movies
5m
Popular People in 1961
by mucciniale
History
6m
1-10 Letter E Words III
by El_Dandy
Language
2m
More to Explore
Quiz From the Vault
Featured Blog Post
Where Did the Easter Bunny Come From?
hide this ad
You Might Also Like...
Tags
Baseball Quiz
MLB Quiz
2000
base
original
Pitchers
Player
set
Showdown
team
Today's Top Quizzes in Just For Fun
Browse Just For Fun
hide this ad
Today's Top Quizzes in MLB
Browse MLB
Top Contributed Quizzes in Just For Fun
1
Harry Potter Logic - 'In Chains' II
2
Crossword Whiteout! 49
3
Survivor Winners Logic Puzzle
4
1-30 Clickable Mines
5
Harry Potter Logic Puzzle
6
one piece logic puzzle
7
Thermometer Puzzle 25
8
Zeroing In: Just For Fun
9
Word Ladder: Ahoy Matey
10
Aquarium Logic Puzzle 17
Explore More
Trending Topics
Marvel
Harry Potter
Kpop
Crossword
NBA
Disney
Anime
Puzzle
NFL
Country
The Office
Song
WWE
Pokémon
Soccer
hide this ad
More By:
RedManSelect
Quiz
Plays
Rating
Category
Featured
Created
MLB Showdown 2000 (Pitchers)
132
Just For Fun
Nov 24, 2009
Go to Creator's Profile
Score Distribution
Quiz Creator Spotlight
RedManSelect
Follow
Send a Message
Quizzes Created
-
Created Quiz Play Count
-
More By This Creator
Popular Quizzes Today
1
Find the Countries of Europe - No Outlines Minefield
2
Find the US States - No Outlines Minefield
3
The Countries of the World
4
Popular People in 1961
5
US States
6
1-10 Letter E Words III
7
Find the US States
8
One Thing in Common: World Cities II
More Just For Fun Quizzes
Quick Pick: Jules Verne
Published
Trending Quizzes
Risky Map Clicking: Least Populous States A-Z
1-10 Letter F Words
Humor Books: The Subtitles
1-10 Letter G Words
One Thing in Common: United Kingdom
Recently Updated
Leaping Animals
pecheneg
Reality TV Shows (A-Z)
bhenderson79
Rickey Henderson's Hall of Fame Teammates
pecheneg
Champions League XIs: Arsenal
pecheneg
Quick Pick: Celebrities in WWE's Hall of Fame
aduchscher
A-Z Keypad Blitz II
pecheneg
Multiple Oscar Actors
pecheneg
Mystery Phrase Blitz: Oscar 'Best Actors'
pecheneg
F. Scott Fitzgerald Novels
LTH
Pick 3 Villains
ddd62291
Trending Topics
Harry Potter
Kpop
Disney
NBA
Anime
Crossword
Marvel
Soccer
Song
The Office
WWE
Country
NFL
Puzzle
Pokémon
Your Account Isn't Verified!
In order to create a playlist on Sporcle, you need to verify the email address you used during registration. Go to your
Sporcle Settings
to finish the process.
Report this User
Report this user for behavior that violates our
Community Guidelines
.
Details:
Send Report
Go to the Sporcle.com Mobile Site →
Comments